|
|
|
|
| LEADER |
02838nam a22006495i 4500 |
| 001 |
978-3-319-70772-3 |
| 003 |
DE-He213 |
| 005 |
20171103043057.0 |
| 007 |
cr nn 008mamaa |
| 008 |
171103s2017 gw | s |||| 0|eng d |
| 020 |
|
|
|a 9783319707723
|9 978-3-319-70772-3
|
| 024 |
7 |
|
|a 10.1007/978-3-319-70772-3
|2 doi
|
| 040 |
|
|
|d GrThAP
|
| 050 |
|
4 |
|a Q334-342
|
| 050 |
|
4 |
|a TJ210.2-211.495
|
| 072 |
|
7 |
|a UYQ
|2 bicssc
|
| 072 |
|
7 |
|a TJFM1
|2 bicssc
|
| 072 |
|
7 |
|a COM004000
|2 bisacsh
|
| 082 |
0 |
4 |
|a 006.3
|2 23
|
| 245 |
1 |
0 |
|a Brain Informatics
|h [electronic resource] :
|b International Conference, BI 2017, Beijing, China, November 16-18, 2017, Proceedings /
|c edited by Yi Zeng, Yong He, Jeanette Hellgren Kotaleski, Maryann Martone, Bo Xu, Hanchuan Peng, Qingming Luo.
|
| 264 |
|
1 |
|a Cham :
|b Springer International Publishing :
|b Imprint: Springer,
|c 2017.
|
| 300 |
|
|
|a XVI, 336 p. 100 illus.
|b online resource.
|
| 336 |
|
|
|a text
|b txt
|2 rdacontent
|
| 337 |
|
|
|a computer
|b c
|2 rdamedia
|
| 338 |
|
|
|a online resource
|b cr
|2 rdacarrier
|
| 347 |
|
|
|a text file
|b PDF
|2 rda
|
| 490 |
1 |
|
|a Lecture Notes in Computer Science,
|x 0302-9743 ;
|v 10654
|
| 520 |
|
|
|a This book constitutes the refereed proceedings of the International Conference on Brain Informatics, BI 2017, held in Beijing, China, in November 2017. The 31 revised full papers were carefully reviewed and selected from 64 submissions. BI addresses the computational, cognitive, physiological, biological, physical, ecological and social perspectives of brain informatics, as well as topics related to mental health and well-being.
|
| 650 |
|
0 |
|a Computer science.
|
| 650 |
|
0 |
|a Operating systems (Computers).
|
| 650 |
|
0 |
|a Data mining.
|
| 650 |
|
0 |
|a User interfaces (Computer systems).
|
| 650 |
|
0 |
|a Artificial intelligence.
|
| 650 |
|
0 |
|a Image processing.
|
| 650 |
|
0 |
|a Pattern recognition.
|
| 650 |
1 |
4 |
|a Computer Science.
|
| 650 |
2 |
4 |
|a Artificial Intelligence (incl. Robotics).
|
| 650 |
2 |
4 |
|a Pattern Recognition.
|
| 650 |
2 |
4 |
|a Image Processing and Computer Vision.
|
| 650 |
2 |
4 |
|a User Interfaces and Human Computer Interaction.
|
| 650 |
2 |
4 |
|a Data Mining and Knowledge Discovery.
|
| 650 |
2 |
4 |
|a Operating Systems.
|
| 700 |
1 |
|
|a Zeng, Yi.
|e editor.
|
| 700 |
1 |
|
|a He, Yong.
|e editor.
|
| 700 |
1 |
|
|a Kotaleski, Jeanette Hellgren.
|e editor.
|
| 700 |
1 |
|
|a Martone, Maryann.
|e editor.
|
| 700 |
1 |
|
|a Xu, Bo.
|e editor.
|
| 700 |
1 |
|
|a Peng, Hanchuan.
|e editor.
|
| 700 |
1 |
|
|a Luo, Qingming.
|e editor.
|
| 710 |
2 |
|
|a SpringerLink (Online service)
|
| 773 |
0 |
|
|t Springer eBooks
|
| 776 |
0 |
8 |
|i Printed edition:
|z 9783319707716
|
| 830 |
|
0 |
|a Lecture Notes in Computer Science,
|x 0302-9743 ;
|v 10654
|
| 856 |
4 |
0 |
|u http://dx.doi.org/10.1007/978-3-319-70772-3
|z Full Text via HEAL-Link
|
| 912 |
|
|
|a ZDB-2-SCS
|
| 912 |
|
|
|a ZDB-2-LNC
|
| 950 |
|
|
|a Computer Science (Springer-11645)
|